Far from the madding crowd (Record no. 224484)

MARC details
000 -LEADER
fixed length control field 01422nam a22002297a 4500
005 - DATE AND TIME OF LATEST TRANSACTION
control field 20251206111714.0
008 - FIXED-LENGTH DATA ELEMENTS--GENERAL INFORMATION
fixed length control field 220824b ||||| |||| 00| 0 eng d
020 ## - INTERNATIONAL STANDARD BOOK NUMBER
International Standard Book Number 9788125039563
040 ## - CATALOGING SOURCE
Transcribing agency AL
041 ## - LANGUAGE CODE
Language code of text/sound track or separate title eng
082 ## - DEWEY DECIMAL CLASSIFICATION NUMBER
Edition number 23
Classification number 823.8
Item number HARF
100 ## - MAIN ENTRY--PERSONAL NAME
Personal name Thomas Hardy
100 ## - MAIN ENTRY--PERSONAL NAME
9 (RLIN) 248117
245 ## - TITLE STATEMENT
Title Far from the madding crowd
260 ## - PUBLICATION, DISTRIBUTION, ETC.
Place of publication, distribution, etc. Hyderabad
Name of publisher, distributor, etc. Orient Blackswan
Date of publication, distribution, etc. 2010
300 ## - PHYSICAL DESCRIPTION
Extent xix,178p
Other physical details PB
Dimensions 21x14cm
365 ## - TRADE PRICE
Source of price type code English
Price type code 3496
Price amount 195.00
Currency code
Unit of pricing 250.00
Price note 22%
Price effective from 09-08-2022
520 ## - SUMMARY, ETC.
Summary, etc. The first of Hardy's great novels, and the first to sound the tragic note for which his best fiction is remembered' Margaret DrabbleThomas Hardy's novel of swift passion and slow courtship is imbued with evocative descriptions of rural life, and with unflinching honesty about sexual relationships. Its heroine, Bathsheba Everdene, takes up her position as a farmer on a large estate, where her confident presence draws three very different suitors: the gentleman-farmer Boldwood, the soldier-seducer Sergeant Troy and the devoted shepherd Gabriel Oak. Each, in contrasting ways, unsettles her decisions and complicates her life, and when tragedy ensues, the stability of the whole community is threatened.Edited with an Introduction and notes by ROSEMARIE MORGAN with SHANNON RUSSELL
650 ## - SUBJECT ADDED ENTRY--TOPICAL TERM
Topical term or geographic name entry element English Fiction
9 (RLIN) 55447
650 ## - SUBJECT ADDED ENTRY--TOPICAL TERM
Topical term or geographic name entry element English Novel
9 (RLIN) 55448
700 ## - ADDED ENTRY--PERSONAL NAME
Personal name Srinivasan, Seetha Ed
9 (RLIN) 56421
942 ## - ADDED ENTRY ELEMENTS (KOHA)
Source of classification or shelving scheme Dewey Decimal Classification
Koha item type Book
Holdings
Withdrawn status Lost status Source of classification or shelving scheme Damaged status Not for loan Collection code Home library Current library Date acquired Source of acquisition Cost, normal purchase price Total Checkouts Full call number Barcode Date last seen Cost, replacement price Price effective from Koha item type
    Dewey Decimal Classification     English St Aloysius Library St Aloysius Library 08/11/2022 Biblios Book Point, Surathkal, Mangalore-575014 195.00   823.8 HARF 075962 08/24/2022 250.00 08/24/2022 Book
    Dewey Decimal Classification     English St Aloysius Library St Aloysius Library 06/16/2023       823.8 HARF D05865 06/22/2023 95.00 06/22/2023 Donated Books